000 00317 a2200145 4500
001 167755
020 _a
040 _cMagnum
100 _aBourcier, Paul
240 1 0 _aHistoria da danca no ocidente
_lpor
245 1 0 _aHistoria da danca no ocidente
362 0 _a1899
697 _aEDUCACAO FISICA
942 _cBK
999 _c167755
_d167755